Urgent need for socio-economic corporation (Record no. 71786)

MARC details
000 -LEADER
fixed length control field 00342nam a2200133Ia 4500
100 ## - MAIN ENTRY--AUTHOR NAME
Personal name Sekhar B C
245 #0 - TITLE STATEMENT
Title Urgent need for socio-economic corporation
260 ## - PUBLICATION, DISTRIBUTION, ETC. (IMPRINT)
Name of publisher Rubber Asia
Year of publication 2001
300 ## - PHYSICAL DESCRIPTION
Number of Pages 27-31
650 ## - SUBJECT ADDED ENTRY--TOPICAL TERM
Topical Term NR processing
650 ## - SUBJECT ADDED ENTRY--TOPICAL TERM
Topical Term Socio-economic corporation
942 ## - ADDED ENTRY ELEMENTS (KOHA)
Koha item type Journals
Holdings
Withdrawn status Lost status Damaged status Not for loan Home library Current library Shelving location Date acquired Serial Enumeration / chronology Koha item type
      Journals RRII Library RRII Library Agricultural economics 17/12/2021 Volume 15, Issue 2 Journals